Maltese Football Logo Quiz - Statistics

General Stats
  • This quiz has been taken 10 times
  • The average score is 11 of 12
Answer Stats
Picture Answer % Correct
Hamrun Spartans
100%
Balzan FC
90%
Birkirkara
90%
Floriana FC
90%
Gzira United
90%
Hibernians
90%
Marsaxlokk FC
90%
Melita FC
90%
Mosta FC
90%
Naxxar Lions
90%
Zabbar Saint Patrick FC
90%
Sliema Wanderers
80%
No matching quizzes found
Score Distribution
Percent of People with Each Score
Percentile by Number Answered
Your Score History
You have not taken this quiz